Mémoires de Pasquier de Le Barre et de Nicolas Soldoyer pour servir a l'histoire de Tournai (Record no. 157338)

MARC details
000 -LEADER
campo de control de longitud fija 01126nam a2200265 i 4500
001 - NÚMERO DE CONTROL
campo de control 157338
003 - IDENTIFICADOR DE NÚMERO DE CONTROL
campo de control ES-MaACL
005 - FECHA Y HORA DE LA ÚLTIMA TRANSACCIÓN
campo de control 20251012195817.0
008 - DATOS DE LONGITUD FIJA--INFORMACIÓN GENERAL
campo de control de longitud fija 041019m18591865be |||| | fre d
040 ## - FUENTE DE CATALOGACIÓN
Centro catalogador/agencia de origen CAM
Lengua de catalogación spa
Centro/agencia transcriptor CAM
100 1# - ENTRADA PRINCIPAL--NOMBRE DE PERSONA
Nombre de persona Le Barre, Pasquier de.
9 (RLIN) 128766
245 10 - MENCIÓN DEL TÍTULO
Título Mémoires de Pasquier de Le Barre et de Nicolas Soldoyer pour servir a l'histoire de Tournai
Resto del título : 1565-1570 /
Mención de responsabilidad, etc. avec notice et annotations par Alex. Pinchart.
260 ## - PUBLICACIÓN, DISTRIBUCIÓN, ETC.
Lugar de publicación, distribución, etc. Bruxelles :
Nombre del editor, distribuidor, etc. Société de l'histoire de Belgique,
Fecha de publicación, distribución, etc. 1859-1865 (
Fabricante M. Weissenbruch)
300 ## - DESCRIPCIÓN FÍSICA
Extensión 2 v. ;
Dimensiones 22 cm.
490 1# - MENCIÓN DE SERIE
Mención de serie Collection de mémoires relatifs a l'histoire de Belgique
500 ## - NOTA GENERAL
Nota general Datos de fecha y descripción física tomada de la BN Opale-Plus.
594 ## - Nota al título y mención de responsabilidad
Nota al título y mención de responsabilidad Precede al título: XVI Siècle.
597 ## - NOTA DE DESCRIPCIÓN FÍSICA
NOTA DE DESCRIPCIÓN FÍSICA T.I 1859 (373 p.)
651 #4 - PUNTO DE ACCESO ADICIONAL DE MATERIA--NOMBRE GEOGRÁFICO
Nombre geográfico Bélgica-
Subdivisión general Historia.
9 (RLIN) 7873
700 1# - ENTRADA AGREGADA--NOMBRE PERSONAL
Nombre de persona Soldoyer, Nicolás.
9 (RLIN) 132801
700 1# - ENTRADA AGREGADA--NOMBRE PERSONAL
Nombre de persona Pinchart, Alexandre,
Fechas asociadas al nombre 1823-1884
9 (RLIN) 92078
830 0# - PUNTO DE ACCESO ADICIONAL DE SERIE-TÍTULO UNIFORME
Título uniforme Collection de mémoires relatifs a l'histoire de Belgique
9 (RLIN) 221772
852 ## - LOCALIZACIÓN
Ubicación ES-MaACL
Número de control de estantería F-2785
Nota libre -- Enc. hol.
-- -- Solo tomo I
Holdings
Estatus retirado Estado de pérdida Estado de daño No para préstamo Colección Biblioteca de origen Biblioteca actual Ubicación en estantería Fecha de adquisición Fuente de adquisición Total de préstamos Signatura topográfica completa Código de barras Visto por última vez Precio de reemplazo Tipo de ítem Koha
        Libros del s. XIX Biblioteca del Ateneo de Madrid Biblioteca del Ateneo de Madrid Depósito 2 17/01/2008     F-2785 1164653 23/02/2023 23/02/2023 Libro impreso antiguo